Don't Believe the Truth - Statistics

General Stats
  • This quiz has been taken 16 times
  • The average score is 9 of 11
Answer Stats
Answer % Correct
Let There Be Love
100%
Lyla
100%
Mucky Fingers
100%
Love Like a Bomb
88%
Part of the Queue
88%
The Importance of Being Idle
88%
Turn Up the Sun
88%
A Bell Will Ring
75%
Keep the Dream Alive
75%
The Meaning of Soul
75%
Guess God Thinks I'm Abel
63%
No matching quizzes found
Score Distribution
Percent of People with Each Score
Percentile by Number Answered
Your Score History
You have not taken this quiz